| 000 | 00497nam a2200169Ia 4500 | ||
|---|---|---|---|
| 003 | OSt | ||
| 005 | 20201223123443.0 | ||
| 008 | 190216s9999||||xx |||||||||||||| ||und|| | ||
| 040 | _coclc | ||
| 082 |
_a297.1227 _bALS/T |
||
| 100 |
_aAl-sakkaf, Ahmed _97812 |
||
| 245 | 4 |
_aThe Holy Qur`an : _bAwareness, Belief and Fulfilment / _cAhmed Al-sakkaf |
|
| 260 |
_bIslamic Studies, _aYemen: |
||
| 300 | _a88p | ||
| 650 | _aArabic | ||
| 942 |
_cBK _2ddc _h297.1227 _iALS/T _k297.1227 _mALS/T |
||
| 999 |
_c513 _d513 |
||